[Event "London FIDE GP 1st"]
[Site "London"]
[Date "2012.10.01"]
[Round "9"]
[White "Grischuk, Alexander"]
[Black "Gelfand, Boris"]
[Result "1-0"]
[WhiteElo "2754"]
[BlackElo "2738"]
[Annotator "Erenburg,S"]
[PlyCount "59"]
[EventDate "2012.09.21"]
[EventType "tourn"]
[EventRounds "11"]
[EventCountry "ENG"]
[EventCategory "20"]
[SourceTitle "CBM 151"]
[Source "ChessBase"]
[SourceDate "2012.11.13"]
[SourceVersion "1"]
[SourceVersionDate "2012.11.13"]
[SourceQuality "1"]

1. e4 c5 2. Nc3 Nc6 3. Bb5 Nd4 {It should be noted that when White's kingside
knight is still on g1, Black should not allow White to take on c6:} (3... g6 4.
Bxc6 dxc6 5. f4 $1 {[%cal Yg1f3] Here White gets a comfortable development of
the kingside and has a chance to block Black's dark-squared bishop with e4-e5
at some point.}) 4. Nf3 e6 5. O-O a6 6. Bd3 {White's opening strategy is quite
simple: by making Black's knight move more than once, he got a development
advantage. At this point, White would like to use it to make the breakthrough
in the centre. For those who don't play this line regularly, it may seem
strange to place the bishop on d3, where it blocks the d-pawn. But, no worries,
White's dark-squared bishop will be introduced through the main diagonal!} Nc6
{The vice World Champion avoids repeating his own game from the Olympiad
against Vallejo Pons. Apart from messing up Grischuk's preparation, Black
avoids the direct confrontation in the centre, which seems to me a wise
decision. The main alternative is} (6... Ne7 7. Nxd4 cxd4 8. Ne2 Nc6 {Here
Black has to spend some more time to protect his central pawn. I am not sure
what Alexander had prepared, but it seems to me that the following two games
are important:} 9. b3 (9. c3 Bc5 10. b4 Ba7 11. cxd4 Nxd4 $6 (11... O-O $5 12.
a3 (12. b5 axb5 13. d5 exd5 14. exd5 Nb4 15. Bxb5 Nxd5 $11) 12... Nxd4 13. Bb2
Nc6 14. Rc1 d6 15. Bb1 $14 {[%cal Yd2d4] /=}) (11... d5 $5 12. Bb2 O-O 13. Qb3
$14) 12. Bb2 $14 Qf6 $6 (12... Nxe2+ 13. Qxe2 O-O 14. Qg4 f6 15. Qh4 $14) 13.
Kh1 $1 $16 {1-0 Baklan,V (2607)-Cherniaev,A (2501)/Istanbul 2003/CBM 096 (36)})
9... Bc5 10. Bb2 O-O 11. c3 dxc3 12. dxc3 d6 13. Nd4 e5 14. Nxc6 (14. Nf5 Bxf5
15. exf5 d5 $11) 14... bxc6 15. b4 Ba7 16. c4 a5 17. a3 Be6 $11 {1/2-1/2
Vallejo Pons,F (2697)-Gelfand,B (2738)/Istanbul 2012/CB36_2012 (49)}) 7. Be2 {
[%cal Yd2d4] White unambiguously prepares the breakthrough in the centre,
which would lead to a Scheveningen. The following continuations have been
tried as well:} (7. Re1 d6 (7... g5 $5 {[%cal Yf8g7]}) 8. Bf1 Nf6 (8... e5 $5)
9. d4 cxd4 10. Nxd4 Qc7 11. Nxc6 bxc6 12. Na4 c5 13. Bf4 Qc6 14. Nc3 Bb7 15. e5
dxe5 16. Bxe5 Be7 $11 {1-0 Tiviakov,S (2648)-Caruana,F (2549)/Vlissingen 2007/
CBM 119 ext (73)}) (7. b3 {leads to the game.}) (7. e5 $5 d5 8. exd6 Bxd6 9. b3
Nb4 $1 10. Be2 (10. Ne4 Nxd3 11. cxd3 Be7 12. Bb2 Nf6 $11) 10... Nf6 11. Bb2
O-O 12. a3 Nc6 13. Bd3 Ne5 $1 14. Nxe5 Bxe5 $11 {1/2-1/2 Degraeve,J (2548)
-Jaracz,P (2483)/Germany 2007/CBM 123 (21)}) 7... Nd4 {Now that the e2-square
is no longer available for a retreat by White's knight, Black blocks the
centre once again.} (7... b5 8. d4 cxd4 9. Nxd4 Bb7 10. Nxc6 Bxc6 11. Qd4 Qc7
12. Re1 Bb7 13. Bf3 Rc8 14. Bg5 h6 15. Bh4 Qc5 16. Qd2 Be7 17. Bg3 d6 18. e5 d5
(18... Bxf3 19. exd6 Bc6 20. dxe7 Nxe7 21. Bd6 Qg5 22. f4 Qf6 $11) 19. Bf4 Qb4
20. Rab1 Bc5 21. Red1 Qa5 22. Be2 Ne7 $11 {1/2-1/2 Andreikin,D (2650)-Caruana,
F (2697)/Biel 2010/CBM 138 (55)}) (7... Qc7 8. d4 {transforms the game to the
Taimanov Variation.}) 8. Bd3 ({Black is fine after} 8. Nxd4 cxd4 9. Nb1 Ne7)
8... Nc6 {The fifth move by the knight! But keep in mind that White has also
moved his bishop four times and was prevented from opening up the position.} 9.
b3 {The only constructive idea at White's disposal is to place the bishop on
the long diagonal.} d6 ({Gelfand was the sole leader before this game, so a
draw was an OK result for him. In a different situation, he might have played} 
9... g5 $5 10. Bb2 Bg7 11. Na4 {What else?} Bxb2 12. Nxb2 g4 13. Ne1 h5 14. f4
Nge7 $13 {[%cal Yb7b5,Yc8b7]}) 10. Bb2 Nf6 11. Re1 Be7 $146 {Technically,
that's a novelty. If Gelfand did not play (and heavily prepare for) the match
against Anand, I would safely assume that both contenders were unaware of the
preceding game, which went as follows:} (11... e5 12. Nd5 (12. Bc4 $5) 12...
Be7 (12... g6 $5 13. c3 Bg7 14. Bc4 O-O $11) 13. c3 O-O 14. Nxe7+ Nxe7 15. Bf1
Ng6 16. d4 Qc7 17. g3 Bd7 18. Bg2 $14 {1-0 Trent,L (2423)-Emms,J (2502)/
Southend 2006/CBM 111 ext (48)}) {That's right. White's only chance to win is
to open up the game as soon as possible.} 12. e5 ({Now} 12. Bf1 {is already
met by} e5) 12... dxe5 13. Nxe5 {Black has got some problems to solve. His
king is still in the centre and the light-squared bishop is still not part of
the game. Gelfand decides to maintain the status quo by playing} Bd7 $6 ({
Black could have made White's rook move to e5 with} 13... Nxe5 14. Rxe5 {
Here, on the one hand, the rook can join the attack on the kingside from the
5-th rank. On the other hand, it's a little awkward, since it blocks its own
bishop and can become a target for Black's pieces. Here are some possible
variations:} Bd7 15. Ne4 Rc8 (15... Bc6 $5 16. Nxc5 (16. Qe2 Bxe4 17. Bxe4 Nxe4
18. Rxe4 Bf6 $11) 16... Bd6 17. Rg5 Kf8 $3 (17... h6 18. Nxe6 fxe6 19. Rxg7 $44
) 18. Bf1 h6 19. Re5 Bxe5 20. Bxe5 Nd7 $13) (15... O-O 16. Nxf6+ Bxf6 17. Rh5
h6 18. Bxf6 Qxf6 19. Rxc5 $14) 16. Rb1 (16. Qf3 Bc6 17. Bc3 (17. Qg3 Nxe4 18.
Bxe4 Bf6) 17... Nxe4 18. Bxe4 Bf6 19. Rxc5 Bxe4 20. Rxc8 Qxc8 21. Qxe4 Bxc3 22.
dxc3 Qxc3 $11) 16... Bc6 17. Nxc5 Bd6 18. Nxe6 fxe6 19. Rxe6+ Kd7 20. Qe1 $1 (
20. Qe2 Re8 21. Bf5 Kc7 $11) 20... Ne8 $1 $13) 14. Ne4 $1 {That's the point!
Now White's bishop operates on the long diagonal and is ready to take on e5 in
the event case of the trade.} Nxe5 15. Bxe5 Bc6 16. Qf3 Rc8 ({Black could
sacrifice the c5-pawn and get some compensation, but I have some doubts
whether it would be sufficient to equalise:} 16... O-O 17. Nxf6+ Bxf6 18. Bxf6
Qxf6 19. Qh5 g6 20. Qxc5 Rfd8 21. Rad1 $14) 17. Re3 $1 {Bringing the rook to
the potential attack on the kingside.} b5 {Black is trying to drive away
White's bishop from the active position. At this stage, it become clear that
White's initiative is very dangerous.} (17... O-O $4 18. Nxf6+ Bxf6 19. Bxh7+
Kxh7 20. Qh5+ Kg8 21. Rh3 {with checkmate.}) ({The computer's suggestion might
be the least of the evils, but it's tough to convince yourself that such moves
can be playable when the king is still in the centre.} 17... h5 $5 18. h3 Nd5
19. Ree1 (19. Qg3 Rg8 20. Re2 h4 $13 {[%cal Yd5b4]}) 19... f5 20. Bxg7 fxe4 21.
Bxe4 Rg8 22. Qxh5+ Kd7 23. Qh7 $44) 18. Rae1 ({White could have stopped
Black's c5-c4 and grabbed the d5-square, but I liked what Grischuk did even
better.} 18. c4 $5 $14) 18... c4 {At this point, Black is unable to neutralise
White's activity without material losses, so giving away the c-pawn is
probably optimal.} (18... Nd5 {does not solve all the problems:} 19. R3e2 (19.
Qg4 $5 Nxe3 20. Qxg7 Rf8 21. Rxe3 Bxe4 22. Bxe4 $44 (22. Rxe4 c4 $1 $13)) 19...
O-O 20. Qh3 f5 (20... h6 $142 $14) 21. Qg3 g6 22. Nd6 Bxd6 23. Bxd6 f4 24. Qh3
Qxd6 25. Rxe6 Qd7 26. Bxg6 Rc7 27. Bxh7+ Qxh7 28. Rh6 $18) 19. bxc4 bxc4 20.
Bxf6 Bxe4 (20... gxf6 21. Bxc4 $16 f5 $140 22. Qh5) 21. Rxe4 {It is well known
that with the opposite coloured bishop, the attacking side gets better chances
compared to the case with the same coloured bishops, so Grischuk decided to
keep the queens on the board.} ({After} 21. Qxe4 {, Black finds the way to
trade the queens after} gxf6 $1 22. Bxc4 f5 $14) 21... Bxf6 22. Bxc4 $14 {
White is a pawn up, but the game is far from being over. It's going to be
difficult for White to push pawns forward, so Gelfand would have had a fair
shot at saving the game if he hadn't blundered on the next move.} Qxd2 $4 (
22... O-O {was better:} 23. Rd1 $14) 23. Bxe6 $1 fxe6 24. Rxe6+ Kd7 $6 {
Unfortunately, that was not Gelfand's game. With the king is the centre, White
finishes the game off.} ({Surprisingly, Black has some chances of survival in
the position though he is two pawns down:} 24... Kf7 $1 25. Qh5+ g6 26. Qf3
Rhf8 $1 (26... Qc3 27. Rxf6+ Qxf6 28. Qb7+ $18) 27. Rxf6+ Kg8 28. Rxf8+ Rxf8
29. Qb3+ $16 {/+-. The activity of Black's pieces grants him some good
practical chances.}) 25. Qg4 $1 $18 {I suspect that Gelfand missed this move
when decided to take on d2 on the 22nd move. Now, nothing can stop White's
attack.} Kc7 (25... Kd8 26. Rd1 $18) 26. Qc4+ Kd7 (26... Kd8 27. Qxa6) 27. Qa4+
Kd8 28. Qxa6 {[%cal Ye6d6]} Kd7 29. Qb5+ Kd8 30. Re8+ (30. Re8+ Rxe8 31. Rxe8+
Kc7 32. Qc5+ $18) 1-0

[Event "EU-Cup 28th"]
[Site "Eilat"]
[Date "2012.10.14"]
[Round "4.2"]
[White "Grischuk, Alexander"]
[Black "Pelletier, Yannick"]
[Result "1-0"]
[WhiteElo "2750"]
[BlackElo "2601"]
[Annotator "Pelletier,Y"]
[PlyCount "91"]
[EventDate "2012.10.11"]
[EventType "team-swiss"]
[EventRounds "7"]
[EventCountry "ISR"]
[SourceTitle "EXT 2013"]
[Source "ChessBase"]
[SourceDate "2012.11.22"]
[SourceVersion "1"]
[SourceVersionDate "2012.11.22"]
[SourceQuality "1"]
[WhiteTeam "SOCAR"]
[BlackTeam "Zuerich SG"]
[WhiteTeamCountry "AZE"]
[BlackTeamCountry "SUI"]

1. e4 e6 2. d4 d5 3. e5 c5 4. c3 Qb6 5. Nf3 Nc6 6. a3 Nh6 7. b4 cxd4 8. Bxh6
gxh6 9. cxd4 Bd7 10. Ra2 {Die neue Mode, seitdem Sveshnikov diesen Zug
mehrmals versucht hat. Aber Grischuk verbindet ihn hier mit einer anderen Idee.
} Rc8 11. Be2 ({Alle Partien wurden hier bisher mit} 11. Rc2 {gespielt, was
auch logisch ist, inwiefern Weiss seinen Springer nach c3 entwickeln möchte.})
11... Bg7 12. O-O ({Jetzt käme} 12. Rc2 {zu spät, da Weiss nach} O-O 13. Nc3 {
nicht mehr ziehen könnte. Schwarz würde nämlich über den typischen Schlag} Nxd4
$1 {verfügen, der ihm klaren Vorteil verschaffen würde:} 14. Qxd4 (14. Nxd4
Bxe5 15. Ndb5 Bxb5 16. Nxb5 a6 $17) 14... Qxd4 15. Nxd4 Bxe5 16. Ncb5 a6 $17)
12... O-O {[%cal Gf7f6] Weiss hat also nicht vor, seinen Springer auf sein
aktivtes Feld zu entwickeln. Nun muss er aber den Vorstoss f6 entkräften,
daher...} 13. b5 Na5 (13... Ne7 14. a4 f6 $13 {[%cal Ga4a5] ist eine andere
Möglichkeit, aber ich entschied, den Vorstoss des a-Bauern nicht zuzulassen.})
14. a4 Rc7 ({Nun gibt es auf e5 nicht genug Druck, damit Weiss nach} 14... f6
15. Qd3 {Probleme bekommt.}) 15. Na3 {Dieser Springer entwickelt sich
schliesslich weder auf c3 noch auf d2, sondern zielt nach e3.} Rfc8 16. Nc2 Nb3
{Diese direkte Fortsetzung bringt nichts Konkretes. Es gab folgende
interessante Optionen:} (16... Be8 17. Ne3 f5 18. exf6 Bxf6 19. Ng4 Bg7 20.
Nge5 Nc4 $13 {Weiss hat das Feld e5 unter fester Kontrolle, aber Schwarz hat
aktives Spiel, wobei das Läuferpaar gewisse Perspektiven hat.}) (16... a6 $5)
17. Ne3 Rc3 ({Ich wollte den Ne3 nach} 17... Nc1 18. Ra1 a6 {nicht auf f6
zulassen. In der Tat sieht es nach} 19. Ng4 $1 axb5 20. Nf6+ Bxf6 21. exf6 bxa4
22. Qd2 Nxe2+ 23. Qxe2 $44 {für den schwarzen König nicht unbedingt gut aus.})
18. Bd3 (18. Ng4 Qd8 $13) 18... Rxd3 19. Qxd3 Nc1 20. Qb1 Nxa2 21. Qxa2 h5 ({
Meine Angst vor Ng4 ist zu gross. Der Textzug schwächt zudem die
Königsstellung und löst das Problem gar nicht, da Weiss später g4 spielen wird.
Es sollte für die Initiative am Damenflügel gekämpft werden:} 21... Qa5 $1 {
[%cal Gd7b5]} 22. Rb1 a6 $13) 22. Qa3 a6 23. Rb1 Be8 (23... axb5 24. axb5 f6 $5
$13) 24. g4 f6 $2 ({Der Computer zeigt den richtigen Weg, der aber am Brett
mit ziemlich wenig Zeit nicht einfach zu entdecken war:} 24... axb5 25. axb5
Qd8 $1 26. gxh5 $140 f5 $132) 25. Qe7 fxe5 26. Nxe5 ({Ab jetzt wird die Partie
von beiderseitigen Zeitnotfehlern geprägt. Kräftiger war hier} 26. Ng5 $1 Bg6
27. Nxe6 Bf8 28. Nxf8 Rxf8 (28... Bxb1 $2 29. Ne6 $18) 29. Rb4 $16) 26... Kh8
$2 ({Schlecht war auch} 26... axb5 $2 27. a5 $1 Qa6 28. gxh5 Bxh5 29. Qg5 $16)
({Aber nach dem paradoxal besseren Zug} 26... Bxe5 $1 27. dxe5 {hätte der
Nachziehende trotz der Aufgabe des schwarzfeldrigen Läufers konkret Chancen
auf Remis erhalten:} d4 28. Qg5+ Bg6 29. gxh5 Qd8 30. Qxd8+ Rxd8 31. hxg6 dxe3
32. fxe3 Rd5 $1 {In diesem Turmendspiel könnte sich Schwarz retten.}) 27. Rd1
$2 ({Der Computer zeigt hier erbarmungslos} 27. a5 $1 Qxd4 28. Qxb7 Rd8 29.
bxa6 $18) 27... axb5 28. a5 Qd8 $2 ({Der Bauer e6 musste geschützt bleiben. Es
bleibt aber nach} 28... Qa6 29. Kh1 {[%cal Gd1g1] gefährlich.}) 29. Qxe6 hxg4
30. Nf5 (30. Nxd5) 30... Rc7 (30... Bf8 31. Re1 $16) 31. Re1 Bh5 32. Ng3 Be8
33. Nf5 Bh5 34. Nd6 Qf8 35. Qxd5 b4 36. Nxb7 Rc2 37. Rf1 Qg8 38. Qd7 ({
Prinzipiell wär der Damentausch für Schwarz günstig, aber in dieser genauen
Stellung hätte Weiss mittels} 38. Qxg8+ Kxg8 39. Rb1 Bxe5 40. dxe5 Bf7 41. Rxb4
Bd5 42. h3 $1 {Vorteil erhalten können.}) 38... b3 (38... Qe8 39. Qf5 $18) 39.
Nd6 Bxe5 40. dxe5 b2 41. Qb7 $1 Qa2 (41... Bg6 42. e6 $18) 42. Nf5 Qf7 (42...
Bf7 43. Qe7 $18) 43. a6 Bg6 (43... Qxf5 44. a7 Rc8 45. a8=Q Rxa8 46. Qxa8+ Kg7
47. Qb7+ Bf7 48. Qxb2 Bd5 49. Qe2 $18) 44. e6 Qc7 45. e7 h5 46. Qb5 1-0

[Event "Beijing Sportaccord rap"]
[Site "Beijing"]
[Date "2012.12.14"]
[Round "1"]
[White "Grischuk, Alexander"]
[Black "Giri, Anish"]
[Result "1/2-1/2"]
[WhiteElo "2764"]
[BlackElo "2720"]
[PlyCount "186"]
[EventDate "2012.12.14"]
[EventType "swiss (rapid)"]
[EventRounds "7"]
[EventCountry "CHN"]
[SourceTitle "EXT 2014"]
[Source "ChessBase"]
[SourceDate "2013.11.20"]
[SourceVersion "1"]
[SourceVersionDate "2013.11.20"]
[SourceQuality "1"]

1. e4 e5 2. Nf3 Nf6 3. Nxe5 d6 4. Nf3 Nxe4 5. Nc3 Nf6 6. d4 Be7 7. Bd3 O-O 8.
O-O Nc6 9. h3 Nb4 10. Be2 Bf5 11. a3 Nbd5 12. Nxd5 Nxd5 13. c4 Nf6 14. Qb3 a5
15. a4 Re8 16. Re1 Qd7 17. Be3 Bf8 18. Rad1 h6 19. Bf1 Be4 20. Nd2 Bg6 21. g3
c6 22. Bg2 Qc7 23. Rc1 Rad8 24. Kh2 Bh7 25. Qc3 Rd7 26. d5 Rde7 27. Nb3 Be4 28.
Qxa5 Qxa5 29. Nxa5 cxd5 30. cxd5 Bxd5 31. Bxd5 Nxd5 32. Bd2 Ra8 33. Rxe7 Bxe7
34. b3 b5 35. axb5 Rb8 36. b4 f5 37. Kg2 Rxb5 38. Rc8+ Kf7 39. Nc6 Bf6 40. Ra8
Ke6 41. Ra6 Kd7 42. Na7 Rb7 43. b5 Nc7 44. Ra5 Bd4 45. Nc6 Bb6 46. Ra4 Nxb5 47.
Nb4 Ra7 48. Nd5 Bc5 49. Rxa7+ Bxa7 50. g4 fxg4 51. hxg4 Ke6 52. Nf4+ Kf7 53.
Kf3 Nc7 54. Ke2 Nb5 55. Kf3 Bc5 56. Nd5 Ke6 57. Nf4+ Kf7 58. Nd5 Na3 59. Be1
Ke6 60. Nf4+ Kf7 61. Nd5 Ke6 62. Nf4+ Ke7 63. Ke4 Nc2 64. Bc3 Kf7 65. f3 Na3
66. Nh5 g6 67. Nf4 Nc4 68. Kd3 Nb6 69. Ke4 Nc4 70. Kd3 Nb6 71. Ke4 Nd7 72. Nd5
Bf2 73. f4 h5 74. Kf3 Bc5 75. f5 hxg4+ 76. Kxg4 gxf5+ 77. Kxf5 Nb6 78. Nxb6
Bxb6 79. Ke4 Ke6 80. Kd3 d5 81. Bd4 Bxd4 82. Kxd4 Kd6 83. Kd3 Kc5 84. Kc3 d4+
85. Kd3 Kd5 86. Kd2 Kc4 87. Kc2 d3+ 88. Kd2 Kd4 89. Kd1 Kc4 90. Kd2 Kd4 91. Kd1
Ke3 92. Ke1 d2+ 93. Kd1 Kd3 1/2-1/2

[Event "Beijing Sportaccord blindfold"]
[Site "Beijing"]
[Date "2012.12.19"]
[Round "5"]
[White "Grischuk, Alexander"]
[Black "Karjakin, Sergey"]
[Result "0-1"]
[WhiteElo "2764"]
[BlackElo "2775"]
[PlyCount "72"]
[EventDate "2012.12.18"]
[EventType "swiss (rapid)"]
[EventRounds "7"]
[EventCountry "CHN"]
[SourceTitle "EXT 2014"]
[Source "ChessBase"]
[SourceDate "2013.11.20"]
[SourceVersion "1"]
[SourceVersionDate "2013.11.20"]
[SourceQuality "1"]

1. e4 e5 2. Nf3 Nc6 3. Bb5 a6 4. Ba4 Nf6 5. O-O Be7 6. d3 b5 7. Bb3 d6 8. a4
Bd7 9. c3 O-O 10. Re1 Na5 11. Bc2 c5 12. Nbd2 Re8 13. Nf1 Nc6 14. h3 b4 15. Ng3
Rb8 16. d4 Qc7 17. Be3 c4 18. Rc1 Na5 19. Nd2 bxc3 20. bxc3 Rb2 21. f4 Nb3 22.
Nxb3 cxb3 23. Bxb3 Rb8 24. Bc2 Qxc3 25. Kh2 h5 26. dxe5 dxe5 27. fxe5 Qxe5 28.
Bd4 Qg5 29. e5 Ng4+ 30. hxg4 Qh4+ 31. Kg1 Qxg3 32. Re3 Qf4 33. Re4 Qh6 34. Bxb2
Rxb2 35. gxh5 Bc6 36. Re1 Qf4 0-1

[Event "Moscow Piterenka blitz"]
[Site "Moscow"]
[Date "2012.12.29"]
[Round "3"]
[White "Grischuk, Alexander"]
[Black "Karjakin, Sergey"]
[Result "1-0"]
[WhiteElo "2764"]
[BlackElo "2775"]
[PlyCount "124"]
[EventDate "2012.12.29"]
[EventType "tourn (blitz)"]
[EventRounds "6"]
[EventCountry "RUS"]
[EventCategory "20"]
[SourceTitle "CBM 152 Extra"]
[Source "ChessBase"]
[SourceDate "2013.02.25"]
[SourceVersion "1"]
[SourceVersionDate "2013.02.25"]
[SourceQuality "1"]

1. e4 e5 2. Nf3 Nc6 3. Bb5 a6 4. Ba4 Nf6 5. d3 Bc5 6. Bxc6 dxc6 7. O-O Bg4 8.
Nbd2 Nd7 9. Kh1 f6 10. Qe1 Nf8 11. Nh4 Ne6 12. Nb3 Bd6 13. f3 Bh5 14. Nf5 c5
15. c3 Qd7 16. Be3 Bf7 17. Rd1 O-O 18. d4 cxd4 19. cxd4 exd4 20. Nbxd4 Nxd4 21.
Rxd4 Bxa2 22. Bf4 Be6 23. Nxd6 cxd6 24. Bxd6 Rfc8 25. Qg3 Qf7 26. f4 Rc4 27.
Rxc4 Bxc4 28. Re1 Bb5 29. h3 Bc6 30. f5 Re8 31. e5 Qd5 32. Kh2 fxe5 33. Bxe5
Qf7 34. Re3 Re7 35. Qf4 Qe8 36. f6 Re6 37. Rg3 g6 38. Bc3 Qf7 39. h4 Kf8 40.
Rd3 Re4 41. Rd8+ Re8 42. Rd4 Kg8 43. Qg5 Kh8 44. Rf4 Re2 45. Rg4 Qc7+ 46. Kg1
Qf7 47. Qc5 Re8 48. Qd6 h5 49. Rg5 Kh7 50. Qf4 Re4 51. Qg3 Re2 52. Qd3 Re4 53.
Qg3 Re2 54. Qd3 Re4 55. Qh3 Re2 56. Rg3 Bd7 57. Qh2 Bf5 58. Rf3 Be4 59. Rf2
Rxf2 60. Kxf2 Qd7 61. Qb8 Qf5+ 62. Ke3 Qe6 1-0

[Event "Moscow Piterenka blitz"]
[Site "Moscow"]
[Date "2012.12.29"]
[Round "6"]
[White "Grischuk, Alexander"]
[Black "Nepomniachtchi, Ian"]
[Result "1/2-1/2"]
[WhiteElo "2764"]
[BlackElo "2707"]
[PlyCount "48"]
[EventDate "2012.12.29"]
[EventType "tourn (blitz)"]
[EventRounds "6"]
[EventCountry "RUS"]
[EventCategory "20"]
[SourceTitle "CBM 152 Extra"]
[Source "ChessBase"]
[SourceDate "2013.02.25"]
[SourceVersion "1"]
[SourceVersionDate "2013.02.25"]
[SourceQuality "1"]

1. Nf3 Nf6 2. c4 c5 3. g3 Nc6 4. Nc3 d5 5. d4 e6 6. cxd5 Nxd5 7. Bg2 Be7 8. O-O
O-O 9. Nxd5 exd5 10. dxc5 Bxc5 11. Bg5 Qd7 12. Ne1 Re8 13. Rc1 Bb6 14. Nd3 Qg4
15. Bd2 Qxe2 16. Re1 Qxd1 17. Rcxd1 Bg4 18. Ra1 Nd4 19. Rxe8+ Rxe8 20. Re1
Rxe1+ 21. Nxe1 Be6 22. Nd3 Bf5 23. Nf4 Be4 24. Nxd5 Nf3+ 1/2-1/2

[Event "Moscow Piterenka blitz playoff"]
[Site "Moscow"]
[Date "2012.12.29"]
[Round "1"]
[White "Grischuk, Alexander"]
[Black "Karjakin, Sergey"]
[Result "1/2-1/2"]
[WhiteElo "2764"]
[BlackElo "2775"]
[PlyCount "207"]
[EventDate "2012.12.29"]
[EventType "match (blitz)"]
[EventRounds "1"]
[EventCountry "RUS"]
[SourceTitle "CBM 152 Extra"]
[Source "ChessBase"]
[SourceDate "2013.02.25"]
[SourceVersion "1"]
[SourceVersionDate "2013.02.25"]
[SourceQuality "1"]

1. e4 e5 2. Nf3 Nc6 3. Bb5 a6 4. Ba4 Nf6 5. O-O Be7 6. d3 b5 7. Bb3 d6 8. a3
O-O 9. Ba2 Nb8 10. Nbd2 Nbd7 11. Re1 c5 12. Nf1 h6 13. Nh4 Nxe4 14. Ng6 Nef6
15. Nxf8 Nxf8 16. Ne3 Ng6 17. Nd5 Bb7 18. Nxf6+ Bxf6 19. Qg4 d5 20. Be3 Qc7 21.
Rad1 Rd8 22. c3 Kh8 23. d4 exd4 24. cxd4 c4 25. Bb1 Nf8 26. Bf4 Qc8 27. Qg3 Bc6
28. Be5 Bxe5 29. Rxe5 Ne6 30. Bf5 Re8 31. Rde1 Bd7 32. h3 Qa8 33. Bxe6 fxe6 34.
R5e3 Qb8 35. Qg4 Qd6 36. Rg3 Qe7 37. Qf4 Qf6 38. Qc7 Bc8 39. Re5 Qe7 40. Qb6
Qd8 41. Qc5 Qe7 42. Qb6 Qd8 43. Qb8 Qd7 44. Ree3 Qe7 45. Rg6 Kh7 46. Reg3 Rg8
47. Qe5 Bd7 48. R6g4 Be8 49. Re3 Bf7 50. Qxd5 exd5 51. Rxe7 Bg6 52. h4 a5 53.
Rb7 Bd3 54. h5 Be2 55. Rg3 Bxh5 56. Rxb5 Bf7 57. b3 Rc8 58. Rc3 Ra8 59. bxc4
dxc4 60. d5 Be8 61. Rc5 Rb8 62. R3xc4 a4 63. d6 Kg6 64. Re4 Kf6 65. Rc7 Bg6 66.
Ree7 Rb1+ 67. Kh2 Rd1 68. Rxg7 Rxd6 69. Rgd7 Rb6 70. Rb7 Rc6 71. Rd4 Ra6 72.
Rdb4 Ra8 73. R4b6+ Kg5 74. Rg7 Kf5 75. Rgxg6 Ke5 76. Ra6 Rb8 77. Rxa4 Kd5 78.
Ra5+ Kd4 79. Rg4+ Kd3 80. Rb4 Rc8 81. Rh5 Kc3 82. Rh3+ Kc2 83. a4 Rd8 84. a5
Ra8 85. Ra4 Ra6 86. Ra2+ Kb1 87. Rha3 h5 88. Kg3 h4+ 89. Kxh4 Rh6+ 90. Kg5 Ra6
91. Ra4 Ra8 92. f4 Rg8+ 93. Kf6 Rf8+ 94. Ke7 Ra8 95. Rf2 Ra7+ 96. Kd6 Ra6+ 97.
Kc5 Ra8 98. Re4 Rc8+ 99. Kb6 Rc1 100. a6 Ka1 101. Ra4+ Kb1 102. Rb4+ Ka1 103.
a7 Rc6+ 104. Kxc6 1/2-1/2